| 000 | 00842nam a22002657a 4500 | ||
|---|---|---|---|
| 999 |
_c136 _d136 |
||
| 003 | AR-CdUCM | ||
| 008 | 190221b ||||| |||| 00| 0 spa d | ||
| 020 | _a8475251218 | ||
| 040 |
_aMUNICIPALIDAD PROVINCIAL DEL CUSCO _cBIBLIOTECA MUNICIPAL DEL CUSCO |
||
| 041 | _heng | ||
| 082 |
_a808.83 / _bW21 |
||
| 100 |
_aWalpole, Horace _9656 |
||
| 245 |
_aEl castillo de Otranto : _bVathek / |
||
| 260 |
_aMadrid : _bHyspamericaediciones generales Anaya, _c1983. |
||
| 300 |
_a271 páginas ; _bilustraciones, _c19 cm. |
||
| 440 |
_aMis libros. _9657 |
||
| 650 |
_aNovela inglesa _9365 |
||
| 650 |
_aNovela gótica _9658 |
||
| 650 |
_aNovela terror _9659 |
||
| 700 |
_aBeckford, William _9660 |
||
| 700 |
_aPujals, María Engracia (traductor) _9661 |
||
| 700 |
_aGutiérrez Mas, Julio (ilustración) _9662 |
||
| 942 |
_2ddc _cLIBROS |
||
| 945 | _azta | ||